[Event "Klubbmesterskapet 2012 (A)"]
[Site "Ås, Akershus NOR"]
[Date "2012.04.19"]
[Round "8"]
[White "Kielland-Lund, Jon"]
[Black "Lea, Per"]
[Result "1/2-1/2"]
[WhiteElo "1625"]
[BlackElo "1669"]
[PlyCount "80"]

1. c4 Nf6 2. Nc3 g6 3. e4 d6 4. d4 Bg7 5. Nf3 O-O 6. Be2 Nbd7 7. e5 dxe5 8.
dxe5 Ng4 9. e6 fxe6 10. O-O Nb6 11. Qb3 c5 12. Ng5 Nf6 13. Be3 h6 14. Nge4 Nxe4
15. Nxe4 Nd7 16. Nxc5 Nxc5 17. Bxc5 b6 18. Be3 Qc7 19. Bf3 Rb8 20. Rfd1 Kh7 21.
Rac1 Be5 22. h3 Bh2+ 23. Kf1 Bf4 24. Bxf4 Qxf4 25. Qe3 e5 26. Re1 Bxh3 27. Qxf4
Rxf4 28. Bd5 Bd7 29. Rxe5 Re8 30. Rce1 e6 31. Bxe6 Bxe6 32. Rxe6 Rxe6 33. Rxe6
Rxc4 34. Re7+ Kg8 35. Rxa7 Rc1+ 36. Ke2 Rc2+ 37. Ke3 Rxb2 38. a4 Ra2 39. Rb7
Ra3+ 40. Ke2 Rxa4 1/2-1/2

[Event "Klubbmesterskapet 2012 (A)"]
[Site "Ås, Akershus NOR"]
[Date "2012.04.19"]
[Round "8"]
[White "Lange, Holger"]
[Black "Moberg, Jan Rune"]
[Result "0-1"]
[WhiteElo "1660"]
[BlackElo "1603"]
[PlyCount "150"]

1. d4 d6 2. c4 c6 3. Nc3 Nd7 4. Nf3 e5 5. e4 Be7 6. Be2 Ngf6 7. O-O O-O 8. Bg5
Qc7 9. Rc1 Re8 10. Re1 Nf8 11. h3 Ng6 12. d5 c5 13. Qd2 h6 14. Be3 Bf8 15. a3
Nh5 16. b4 b6 17. Bf1 Qe7 18. Qc2 Qf6 19. Nb5 Qd8 20. bxc5 bxc5 21. g3 Bd7 22.
Rb1 Qc8 23. Kh2 f5 24. Ng1 f4 25. Bd2 a6 26. Nc3 Qd8 27. Be2 fxg3+ 28. fxg3 Nf6
29. Rf1 Be7 30. Be3 Rf8 31. Qd2 Kh7 32. Bf3 h5 33. Bf2 Rh8 34. Nge2 Kg8 35. Kg2
Qc8 36. Rh1 Bd8 37. Be3 Be8 38. Qb2 h4 39. Qb7 hxg3 40. Qxc8 Rxc8 41. Kxg3 Nh5+
42. Kg2 Ba5 43. Bg4 Rd8 44. Bg5 Ra8 45. Nd1 Nhf4+ 46. Nxf4 exf4 47. Rf1 Bd2 48.
Rb2 f3+ 49. Rxf3 Bxg5 50. Be6+ Kh7 51. Bf5 Kh6 52. Kh2 Bf4+ 53. Kg1 Be5 54. Rb6
Nh4 55. Rf1 Bh5 56. Ne3 g6 57. Ng4+ Bxg4 58. Bxg4 Rhf8 59. Rbb1 Rxf1+ 60. Rxf1
Rb8 61. Rc1 Rb2 62. Kf1 Kg5 63. a4 Kf4 64. Re1 Bd4 65. Rd1 Rf2+ 66. Kg1 Rd2+
67. Kf1 Rxd1+ 68. Bxd1 Kxe4 69. Bc2+ Kf3 70. Ke1 Ng2+ 71. Kd1 Ne3+ 72. Kd2 Nxc2
73. Kxc2 a5 74. Kd3 g5 75. Kd2 Kg3 0-1

[Event "Klubbmesterskapet 2012 (A)"]
[Site "Ås, Akershus NOR"]
[Date "2012.05.10"]
[Round "9"]
[White "Snellingen, Jørn"]
[Black "Kielland-Lund, Jon"]
[Result "1-0"]
[WhiteElo "1828"]
[BlackElo "1625"]
[PlyCount "53"]
[EventDate "2012.01.19"]

1. Nf3 d5 2. Nc3 d4 3. Ne4 Bf5 4. Ng3 Bg6 5. Ne5 Nd7 6. Nxg6 hxg6 7. e3 e5 8.
Bb5 c6 9. Bc4 Ngf6 10. d3 Bb4+ 11. c3 dxc3 12. O-O cxb2 13. Bxb2 Qe7 14. d4 O-O
15. dxe5 Nxe5 16. Bxe5 Qxe5 17. Qb3 Qc5 18. Rac1 Qb6 19. Rfd1 Ba5 20. Qc2 Kh7
21. Rd4 Kh6 $2 (21... Nd5 22. Rb1 (22. Rh4+ $2 Kg8 {med lik stilling}) 22...
Qc7 23. Bxd5 cxd5 24. Qxc7 Bxc7 25. Rxb7 {
er selvfølgelig helt greit for svart selv om hvit også her står bedre}) 22.
Rh4+ Kg5 23. Rf4 (23. Rh3 Nd5 (23... Rh8 {
og de fleste andre trekk fører til en rask matt:} 24. f4+ Kg4 25. Be2#) 24.
Ne4+ Kf5 25. Nc5+ Ke5 26. Nd7+ {er enda mer overbevisende}) 23... Rad8 24. Ne4+
Nxe4 25. Qxe4 f5 26. Qe7+ Rf6 27. Qxg7 {og svart ga opp. Det kunne følge:} (27.
Qxg7 Rdf8 28. h4+ Kh5 29. Be2#) 1-0

[Event "Klubbmesterskapet 2012 (A)"]
[Site "Ås, Akershus NOR"]
[Date "2012.05.10"]
[Round "9"]
[White "Moberg, Jan Rune"]
[Black "Høva, Frode"]
[Result "1-0"]
[WhiteElo "1603"]
[BlackElo "1573"]
[PlyCount "109"]
[EventDate "2012.01.19"]

1. d4 g6 2. g3 Bg7 3. Bg2 Nf6 4. Nf3 d5 5. O-O O-O 6. a4 Nc6 7. c3 Bg4 8. Nbd2
Qd7 9. Qb3 b6 10. Re1 Rae8 11. Ne5 Nxe5 12. dxe5 Ne4 13. Nf3 Nc5 14. Qd1 c6 15.
b4 Ne4 16. Bb2 Bh3 17. c4 Bxg2 18. Kxg2 Rd8 19. Qc2 Qf5 20. Rac1 g5 21. e3 dxc4
22. Nd4 Qg6 23. f4 Rxd4 24. exd4 c3 25. Bxc3 Nxc3 26. Qxg6 hxg6 27. Rxc3 gxf4
28. gxf4 Bh6 29. Kf3 Rd8 30. Rd1 Rc8 31. d5 c5 32. bxc5 bxc5 33. d6 exd6 34.
Rxd6 Rc7 35. Rc4 Bf8 36. Rd8 Kg7 37. Ke4 Rb7 38. h4 Be7 39. Rd5 Bxh4 40. Rdxc5
Bf2 41. Rb5 Rd7 42. Rb2 Bg1 43. Rg2 Bb6 44. f5 Rd1 45. f6+ Kh6 46. Rcc2 Rd4+
47. Kf3 Rxa4 48. Rc8 g5 49. Rg8 Rf4+ 50. Ke2 Bd4 51. R2xg5 Re4+ 52. Kd3 Rxe5
53. Rg4 Kh7 54. R8g7+ Kh6 55. Rxd4 1-0

[Event "Klubbmesterskapet 2012 (A)"]
[Site "Ås, Akershus NOR"]
[Date "2012.05.10"]
[Round "9"]
[White "Lea, Per"]
[Black "Lange, Holger"]
[Result "1/2-1/2"]
[WhiteElo "1669"]
[BlackElo "1660"]
[PlyCount "139"]
[EventDate "2012.01.19"]

1. e4 d5 2. exd5 Qxd5 3. Nc3 Qa5 4. d4 c6 5. Bc4 Nf6 6. Nge2 Bf5 7. Bd2 Qc7 8.
Bf4 Qa5 9. O-O e6 10. a3 Nbd7 11. b4 Qd8 12. Ng3 Bg6 13. Re1 Be7 14. b5 Nb6 15.
Bb3 (15. bxc6 Nxc4 16. cxb7 Rb8 17. Bxb8 Qxb8 18. Qe2 Nxa3 19. Qa6 Nxc2 20.
Qc6+ Nd7 21. Qc8+ Bd8 22. Nce4 {
var alt for uoversiktlig til at jeg våget å gå inn i det.}) 15... O-O 16. bxc6
bxc6 17. Nce4 Nfd5 18. Bd2 Rc8 19. c4 Nf6 20. Bc3 Qc7 21. Qe2 Nxe4 22. Nxe4 Qf4
23. Bb4 Rfe8 24. g3 Qxe4 25. Qxe4 Bxe4 26. Rxe4 Bf6 27. Rd1 Red8 28. Bc5 Rb8
29. Ba2 $4 Na4 $1 30. Bb4 $2 c5 {Ubehagelig, men enda bedre var} (30... Rxb4
31. axb4 Nc3 32. Rde1 Nxa2 33. Ra1 Nc3 34. Ree1 Bxd4 {og svart står klart best}
) 31. Ba5 Rxd4 32. Rexd4 Bxd4 (32... cxd4 $1) 33. Rd3 (33. Kg2 $1) 33... Rb2
34. Bb3 $4 (34. Rd2 {er bedre}) 34... Nb6 35. Be1 g6 36. a4 Nd7 37. Bd1 Ne5 38.
Rb3 Nxc4 39. Bc3 Rxb3 40. Bxb3 Ne5 41. Bxd4 Nf3+ 42. Kg2 Nxd4 43. Bc4 Kf8 44.
f3 Ke7 45. Kf2 Kd6 46. Ke3 f6 47. f4 h6 48. g4 e5 49. h4 exf4+ 50. Kxf4 g5+ 51.
hxg5 hxg5+ 52. Ke4 Nc6 53. Kf5 Ne5 54. Be2 Ke7 55. Bd1 Nc6 56. Ke4 Nb4 57. Bb3
a5 58. Bc4 Kd6 59. Bb3 Nc6 60. Bd1 Nd4 $1 61. Kd3 Kd5 62. Kc3 c4 63. Kd2 Kc5
64. Kc3 Nc6 65. Be2 Ne5 66. Bd1 Nd3 67. Be2 Ne5 68. Bd1 Kd5 69. Be2 Kc5 70. Bd1
{og samme stilling har oppstått 3 ganger. Svart vinner enkelt ved} (70. Bd1 Nd7
71. Bf3 Nb6 72. Bd1 Nd5+ 73. Kb2 Ne3 74. Bf3 Kb4 75. Kc1 Kxa4 76. Kb2 Kb4 77.
Kc1 a4) 1/2-1/2

[Event "Klubbmesterskapet 2012 (A)"]
[Site "Ås, Akershus NOR"]
[Date "2012.05.22"]
[Round "9"]
[White "Furnes, Torstein"]
[Black "Bakken, Svein-Erik"]
[Result "1/2-1/2"]
[WhiteElo "1597"]
[BlackElo "1444"]
[PlyCount "124"]

1. d4 d5 2. c4 e6 3. Nc3 Nf6 4. Bg5 Nbd7 5. e3 (5. cxd5 exd5 6. Nxd5 $2 {
er dårlig for hvit pga} Nxd5 $1 7. Bxd8 Bb4+ 8. Qd2 Bxd2+ 9. Kxd2 Kxd8 {
og svart leder med offiser.}) 5... dxc4 6. Bxc4 c6 7. Nf3 Qa5 8. O-O b5 9. Bd3
Bb7 10. a3 Be7 11. b4 Qd8 12. Rc1 a5 13. Qb3 axb4 14. axb4 O-O 15. Qb1 h6 16.
Bf4 Qb6 17. Rc2 Ra3 18. Qb2 Rfa8 19. e4 ({Her vurderte jeg lenge} 19. Bc7 $5
Qxc7 {
Hvis svart ikke slår løperen, følger La5 og svarts tårn på a3 er innesperret.}
20. Nxb5 Ra2 21. Nxc7 Rxb2 22. Rxb2 Ra3 {Den hvite springeren på c7 har ingen
fluktfelter og vil snart gå tapt. Fritz vurderer denne stillingen til hvit
fordel på ca. +1.3. 19.Lc7 er for øvrig førstevalget til Fritz.}) 19... Nf8 20.
e5 $2 {Et tvilsomt trekk som snur fordelen fra +1 til -0.2 ifølge Fritz.} Nd5
21. Nxd5 cxd5 22. Rc3 Rxc3 {Fritz foreslår} (22... Ra2 23. Qb1 R8a4) 23. Qxc3
Ra4 24. Rb1 Nd7 25. Bc2 Ra2 26. Qd3 Nf8 {Med remistilbud.} 27. Bd2 f5 $6 {
Fritz liker ikke dette trekket så godt. Svarts kongestilling blir litt svekket.
} 28. exf6 Bxf6 29. Ne5 Bxe5 30. dxe5 Qc7 31. Bb3 Ra3 32. Qxb5 $2 {
En tabbe som gir svart muligheten til en kombinasjon:} Rxb3 $1 33. Rxb3 Qc2 34.
Be1 $2 {Hvit må heller prioritere å redde tårnet med f.eks.} (34. Rg3 Qd1+ 35.
Qf1 Qxd2) 34... Qxb3 35. Qxb7 $2 {
Hvit bør unngå å bytte av løperne. Førstevalget til Fritz er} (35. f3 Qe3+ 36.
Kf1 Qa7) 35... Qd1 36. Kf1 Qd3+ 37. Kg1 Qe2 38. g3 Qxe1+ 39. Kg2 Qxe5 40. b5
Qd6 41. b6 Nd7 42. Qc8+ Kh7 43. b7 Nb8 44. h4 d4 45. h5 d3 46. Kf1 Qd5 47. Ke1
Qe4+ 48. Kd2 Qe2+ 49. Kc3 Qc2+ 50. Kd4 Qxf2+ {
Fritz påviser her at svarts mest effektive vinstvariant er:} (50... Nc6+ $1 51.
Qxc6 {Springeren må slås. Ellers er det matt i 3 trekk:} (51. Ke4 Qe2+ 52. Kf4
e5+ 53. Kf5 Nd4#) 51... Qxc6 52. b8=Q Qc2 {
og hvit kan ikke hindre at svart får en ny dronning.} 53. Qe8 d2) 51. Kxd3
Qxg3+ 52. Ke4 Qd6 53. Ke3 Qe5+ 54. Kd3 Na6 55. Qc6 $4 {
Går rett inn i en springergaffel.} Qd5+ $2 ({Etter} 55... Nb4+ 56. Kc4 Nxc6 {
er partiet over.}) 56. Qxd5 exd5 57. Kd4 Kg8 58. Kxd5 g5 59. hxg6 {Dermed er vi
over i et 6-brikkers sluttspill, og sluttspilldatabaser viser da at vi hele
tiden er innenfor remisgrensen resten av partiet.} Kg7 60. Kc6 h5 61. Kb6 Nb8
62. Kc7 Na6+ (62... h4 63. Kxb8 h3 64. Kc8 h2 65. b8=Q h1=Q {er også remis.})
1/2-1/2

[Event "Klubbmesterskapet 2012 (B)"]
[Site "Ås, Akershus NOR"]
[Date "2012.01.19"]
[Round "1"]
[White "Simonsen, Steinar"]
[Black "Thowsen, Alf Geir"]
[Result "1-0"]
[WhiteElo "1414"]
[BlackElo "1151"]
[PlyCount "81"]
[EventDate "2012.01.19"]

1. e4 e6 2. d4 d5 3. exd5 exd5 4. Nf3 Nf6 5. Bd3 Nc6 6. O-O Be7 7. Nc3 O-O 8.
h3 h6 9. Bf4 a6 10. Qd2 Ne4 11. Nxe4 dxe4 12. Bxe4 f5 13. Bxc6 bxc6 14. Qc3 Bd7
15. Ne5 Rf6 16. Nxd7 Qxd7 17. Qg3 Bd6 18. Be5 f4 19. Qb3+ Re6 20. Rfe1 Kh7 21.
Qd3+ Rg6 22. Qf3 Rf8 23. Re4 c5 24. Rd1 Qf5 25. Rxf4 Qc8 26. Rxf8 Bxf8 27. d5
Bd6 28. Bxd6 cxd6 29. h4 Rf6 30. Qd3+ Kg8 31. Re1 Qb7 32. Re8+ Rf8 33. Rxf8+
Kxf8 34. b3 a5 35. Qf5+ Kg8 36. Qe6+ Qf7 37. Qxd6 Qa7 38. Qe6+ Kf8 39. d6 Qb6
40. Qe7+ Kg8 41. d7 1-0

[Event "Klubbmesterskapet 2012 (B)"]
[Site "Ås, Akershus NOR"]
[Date "2012.01.19"]
[Round "1"]
[White "Weberg, Øivind"]
[Black "Garmark, Vegard"]
[Result "0-1"]
[WhiteElo "1370"]
[BlackElo "1238"]
[PlyCount "72"]
[EventDate "2012.01.19"]

1. g3 d5 2. Bg2 Nf6 3. e3 e5 4. Ne2 Bd6 5. O-O O-O 6. a4 Be6 7. d3 c6 8. b3 Qd7
9. Kh1 Na6 10. Ng1 Rad8 11. Ba3 Ng4 12. h3 Nf6 13. Bxd6 Qxd6 14. Nd2 Bf5 15. e4
dxe4 16. dxe4 Bxh3 17. Nxh3 Qxd2 18. Bf3 Nc5 19. Re1 Qxd1 20. Raxd1 Rxd1 21.
Rxd1 Nfxe4 22. Bxe4 Nxe4 23. Rd7 Rb8 24. Kg2 Nc5 25. Re7 f6 26. g4 Rc8 27. b4
Kf8 28. bxc5 Kxe7 29. Kf3 Rd8 30. Ke3 Rd4 31. f4 Rxa4 32. fxe5 Rxg4 33. exf6+
Kxf6 34. Nf2 h5 35. Nxg4+ hxg4 36. Kf4 a5 0-1

[Event "Klubbmesterskapet 2012 (B)"]
[Site "Ås, Akershus NOR"]
[Date "2012.01.26"]
[Round "2"]
[White "Stensland, Martin"]
[Black "Simonsen, Steinar"]
[Result "0-1"]
[WhiteElo "1180"]
[BlackElo "1414"]
[PlyCount "74"]
[EventDate "2012.01.19"]

1. Nf3 d5 2. d4 e6 3. Bf4 c5 4. dxc5 Bxc5 5. e3 Qb6 6. b3 Ne7 7. Be2 Ng6 8. O-O
Nxf4 9. exf4 O-O 10. Nc3 Bd7 11. Ne5 Qb4 12. Nxd7 Nxd7 13. Nxd5 $2 exd5 14.
Qxd5 Nf6 15. Qf3 Rfe8 16. Bd3 Qb6 17. c3 Rad8 18. Rad1 Qc7 19. g3 Qc6 20. Kg2
Qxf3+ 21. Kxf3 Nd5 22. Bb5 Nxc3 23. Rxd8 Rxd8 24. Bc4 b5 25. Be2 Nxe2 (25...
Rd2 $1) 26. Kxe2 f5 27. Rc1 Bb4 28. Kf3 g6 29. Rc7 a5 30. a4 bxa4 31. bxa4 Rd3+
32. Kg2 Ra3 33. Rc8+ Kg7 34. h3 Rxa4 35. g4 fxg4 36. hxg4 Bd2 37. g5 Bxf4 0-1

[Event "Klubbmesterskapet 2012 (B)"]
[Site "Ås, Akershus NOR"]
[Date "2012.02.09"]
[Round "2"]
[White "Thowsen, Alf Geir"]
[Black "Weberg, Øivind"]
[Result "1-0"]
[WhiteElo "1151"]
[BlackElo "1370"]
[PlyCount "73"]

1. d4 c5 2. c3 cxd4 3. cxd4 g6 4. Nf3 Bg7 5. Nc3 Nf6 6. e3 O-O 7. Bd3 a6 8. O-O
b5 9. b4 Bb7 10. Bb2 Nc6 11. a3 Qc7 12. Rc1 Qd6 13. Ne4 Nxe4 14. Bxe4 Rac8 15.
Rc5 e6 16. Qb1 f5 17. Bd3 Ne7 18. Rfc1 Bxf3 19. gxf3 Rxc5 20. dxc5 Qd5 21. Bxg7
Kxg7 22. Qb2+ e5 23. Be2 Nc6 24. Rd1 Qe6 25. Rd6 Qe7 26. f4 Kh6 27. Qd2 Rf7 28.
Bd1 e4 29. Bb3 Rf6 30. Rxd7 Qe8 31. Qd1 g5 32. Rd6 Rxd6 33. Qxd6+ Qg6 34. Qxg6+
(34. Qf8+ Kh5 (34... Qg7 35. fxg5+ Kg6 36. Bf7+ Qxf7 37. Qh6#) 35. Bf7) 34...
Kxg6 35. fxg5 Kxg5 36. Bd5 Ne5 37. c6 {Tap på tid.} 1-0

[Event "Klubbmesterskapet 2012 (B)"]
[Site "Ås, Akershus NOR"]
[Date "2012.02.02"]
[Round "3"]
[White "Garmark, Vegard"]
[Black "Thowsen, Alf Geir"]
[Result "0-1"]
[WhiteElo "1238"]
[BlackElo "1151"]
[PlyCount "86"]

1. e4 e6 2. d4 d5 3. exd5 exd5 4. Nf3 Nf6 5. Bd3 Bg4 6. Bf4 Nc6 7. c3 Bd6 8.
Bg5 Qe7+ 9. Kd2 O-O-O 10. Re1 Qd7 11. h3 Bf5 12. Ne5 Bxe5 13. dxe5 Bxd3 14.
exf6 Qf5 15. Qg4 g6 16. Na3 Kb8 17. Qxf5 Bxf5 18. b4 d4 19. b5 dxc3+ 20. Kxc3
Rd3+ 21. Kb2 Na5 22. Re7 Be6 23. Bf4 Rd7 24. Rc1 Rc8 25. Rxd7 Bxd7 26. Kc3 b6
27. Nc4 Nxc4 28. Kxc4 Be6+ 29. Kd4 Bxa2 30. Ke4 Kb7 31. Be5 c6 32. Rd1 Bd5+ 33.
Kf4 h6 34. bxc6+ Kxc6 35. Ra1 a5 36. g4 Kb5 37. Bd4 Ka6 38. Re1 Be6 39. Ke5 Rd8
40. Rc1 Rd5+ 41. Ke4 Rb5 42. Rc7 a4 43. Rc8 Bxc8 0-1

[Event "Klubbmesterskapet 2012 (B)"]
[Site "Ås, Akershus NOR"]
[Date "2012.03.22"]
[Round "3"]
[White "Weberg, Øivind"]
[Black "Stensland, Martin"]
[Result "1-0"]
[WhiteElo "1370"]
[BlackElo "1180"]
[PlyCount "82"]
[EventDate "2012.01.19"]

1. e4 e6 2. d4 d5 3. Nc3 c5 {Martins spesialvariant, som jeg selv har blitt
utsatt for 5 ganger fra hans hånd - første gang i Ås sjakklubbs høstturnering
1981.} 4. Nf3 {Neppe det beste, selv har jeg slått enten på c5 eller d5.} h6 {
Ikke lett å se planen bak dette. Nå skulle det vel være på tide å begynne å
utvikle de} 5. Bf4 (5. exd5 exd5 6. Bb5+ Nc6 7. dxc5 Bxc5 8. Qxd5 {
vinner en bonde uten at svart har noen kompensasjon}) 5... dxe4 6. Nxe4 Nf6 7.
Nxc5 Bxc5 8. dxc5 Qa5+ 9. Bd2 $2 (9. Qd2 Qxc5 10. Bd3 Nc6 11. O-O {
med sunn merbonde for hvit}) 9... Qxc5 10. Bd3 O-O 11. O-O e5 12. Qe1 Nc6 13.
Bc3 {Svart har utliknet etter at hvit har konsentrert stridskreftene sine til
de 3 første radene.} Re8 14. b4 Qd6 15. Rd1 Qc7 16. b5 Nd4 17. Bxd4 $1 (17. Qd2
Nxf3+ 18. gxf3 Bh3 19. Rfe1 Rad8 20. Bb2 $17) 17... exd4 18. Qb4 Bg4 19. Rfe1
$2 (19. Qxd4 Bxf3 20. gxf3 Qa5 {med ørliten fordel for hvit}) 19... Bxf3 20.
gxf3 Rxe1+ $2 (20... Qf4 21. Rxe8+ Rxe8 22. Re1 Rxe1+ 23. Qxe1 Qxf3 24. Qa5
Qd1+ 25. Kg2 Qg4+ 26. Kf1 g6 27. Qxa7 Qf4 {og svart har en liten fordel}) 21.
Rxe1 Qc3 $2 (21... Qf4 {var nødvendig for å holde balansen}) 22. Qxc3 dxc3 23.
Re7 b6 24. Bc4 {nå forsvinner enten a- eller f-bonden, i tillegg til at bonden
på c3 sannsynligvis går med i dragsuget} Kh8 25. Rxf7 Rc8 26. Bb3 Ra8 27. Rc7
a6 28. bxa6 Rxa6 29. Rxc3 Nd7 30. Rc6 Ne5 31. Rc3 b5 ({Siden hvit har flyttet
tårnet fram og tilbake, kunne vel svart ha invitert til remis ved
trekkgjentagelse ved:} 31... Nd7) 32. Rc8+ Kh7 33. Kg2 Rg6+ 34. Kf1 Rf6 ({
Selvfølgelig ikke} 34... Nxf3 $4 35. Bg8+ Kh8 36. Bd5+ ({Enda bedre enn} 36.
Bf7+ {som "bare" vinner kvalitet}) 36... Kh7 37. Bxf3) 35. Bd5 h5 36. Be4+ Kh6
37. Ke2 Nc4 38. Rb8 Re6 {
Dermed ryker det enda en bonde, men svart er sannsynligvis fortapt uansett} 39.
Rxb5 Nd6 40. Rb4 Nxe4 41. Rxe4 Rb6 {og svart ga samtidig opp den håpløse kampen
} 1-0

[Event "Klubbmesterskapet 2012 (B)"]
[Site "Ås, Akershus NOR"]
[Date "2012.04.19"]
[Round "4"]
[White "Simonsen, Steinar"]
[Black "Weberg, Øivind"]
[Result "1-0"]
[WhiteElo "1414"]
[BlackElo "1370"]
[PlyCount "40"]

1. e4 e5 2. Nf3 Nc6 3. Bb5 a6 4. Ba4 b5 5. Bb3 Nf6 6. d3 Bc5 7. h3 d6 8. O-O
O-O 9. Bg5 h6 10. Bh4 g5 11. Bg3 Ne7 12. Nc3 Ng6 13. Nd5 Nh5 14. Bh2 (14. Nxe5
$1 {vinner bonde} dxe5 (14... Nxg3 $2 {går ikke pga} 15. Nc6 $1 Qd7 16. Nf6+
Kg7 17. Nxd7) 15. Qxh5) 14... g4 15. hxg4 Bxg4 16. Qd2 c6 17. Ne3 ({
Fritz foreslår} 17. Qxh6 $1 Bxf3 (17... cxd5 $2 18. Ng5 Nf6 19. Bxd5 Bh5 20. g4
Qd7 21. gxh5 Qg4+ 22. Kh1 Qxh5 23. Qxh5 Nxh5 24. Nxf7 Kg7 25. Bxa8 Rxa8 26. Ng5
) 18. gxf3 cxd5 19. Bxd5 Qf6 (19... Nhf4 $2 20. Bxf4 Qf6 (20... Nxf4 $2 21. Kh2
) 21. Bg5 Qg7 22. Qxg7+ Kxg7 23. Bxa8) 20. Qxh5) 17... Bxf3 18. Nf5 Bxg2 ({
Fritz påviser at svart ville fått kraftig og vinnende angrep etter} 18... Ngf4
$1 19. Nxh6+ (19. Bxf4 Nxf4 20. gxf3 (20. g3 Qg5) 20... Qg5+ 21. Ng3 Qxg3+ 22.
Kh1 Qg2#) (19. gxf3 Qg5+ 20. Ng3 Nxg3 21. Rfd1 Nge2+ 22. Kf1 Qg2+ 23. Ke1 Qxf2#
) (19. Rfd1 Qg5 20. g3 Be2 21. Re1 Nh3+ 22. Kg2 Qxd2) 19... Kh7 20. gxf3 Rg8+
21. Ng4 (21. Nxg8 Qg5+ 22. Bg3 Qxg3+ 23. Kh1 Qg2#) 21... Rxg4+ 22. fxg4 Qh4 23.
Bxf4 Qxg4+ 24. Kh1 Qh3+ 25. Bh2 Qf3+ 26. Kg1 Rg8+ 27. Bg3 Qxg3+ 28. Kh1 Qh3#)
19. Qxh6 Qf6 20. Qxh5 Bxf1 {Svart tapte på tid.} 1-0

[Event "Klubbmesterskapet 2012 (B)"]
[Site "Ås, Akershus NOR"]
[Date "2012.02.16"]
[Round "4"]
[White "Stensland, Martin"]
[Black "Garmark, Vegard"]
[Result "0-1"]
[WhiteElo "1180"]
[BlackElo "1238"]
[PlyCount "82"]
[EventDate "2012.01.19"]

1. d4 d5 2. Bf4 Nf6 3. e3 e6 4. Nc3 Bd7 5. Nf3 a6 6. Bd3 Be7 7. Bg5 Nc6 8. a3
h6 9. Bh4 Bd6 10. Nd2 g5 11. Bg3 e5 12. dxe5 Nxe5 13. Be2 Bc6 14. Bxe5 Bxe5 15.
Bg4 (15. Bf3 d4 16. exd4 Qxd4 17. Qe2) 15... d4 16. exd4 Qxd4 17. Qe2 Nxg4 18.
O-O-O O-O-O 19. Nb3 Qxf2 20. Qxg4+ f5 21. Qc4 Bf4+ 22. Kb1 Bxg2 23. Rhe1 Rxd1+
24. Rxd1 Re8 25. Qf7 Qe3 26. Qxf5+ Kb8 27. Qf6 Qe6 28. Rd8+ Rxd8 29. Qxe6 h5
30. Qe7 Rh8 31. Qf6 Re8 32. h4 Rg8 33. Qf7 Rh8 34. Qg7 Re8 35. hxg5 h4 36. Qf6
Be5 37. Qf2 h3 38. Qg1 Rh8 39. Nc5 Bc6 40. N5e4 Bxc3 41. bxc3 Bxe4 0-1

[Event "Klubbmesterskapet 2012 (B)"]
[Site "Ås, Akershus NOR"]
[Date "2012.02.09"]
[Round "5"]
[White "Garmark, Vegard"]
[Black "Simonsen, Steinar"]
[Result "1/2-1/2"]
[WhiteElo "1238"]
[BlackElo "1414"]
[PlyCount "70"]

1. e4 e6 2. d4 d5 3. Nc3 Nf6 4. Bd3 c5 5. dxc5 Bxc5 6. Bg5 h6 7. Bh4 dxe4 8.
Nxe4 Qa5+ 9. c3 Nxe4 10. Bxe4 Qc7 11. Bg3 Qe7 12. Qg4 f5 13. Qh5+ Qf7 14. Qxf7+
Kxf7 15. Bd3 g5 16. f4 Bd7 17. Nf3 Kf6 18. fxg5+ hxg5 19. Be5+ Kg6 20. Bxh8 Nc6
21. Ne5+ Nxe5 22. Bxe5 Bc6 23. Bf1 Be4 24. Bd4 Bd6 25. h4 gxh4 26. Rxh4 Bg3+
27. Bf2 Bxh4 28. Bxh4 Rh8 29. Bf2 Rh1 30. O-O-O Rh2 31. Bxa7 f4 32. Bb8 Kf5 33.
g3 Rc2+ 34. Kb1 Rd2+ 35. Kc1 Rc2+ 1/2-1/2

[Event "Klubbmesterskapet 2012 (B)"]
[Site "Ås, Akershus NOR"]
[Date "2012.03.01"]
[Round "5"]
[White "Thowsen, Alf Geir"]
[Black "Stensland, Martin"]
[Result "0-1"]
[WhiteElo "1151"]
[BlackElo "1180"]
[PlyCount "68"]

1. d4 e6 2. c4 d5 3. Nc3 Nf6 4. e3 c5 5. Nf3 Nc6 6. cxd5 exd5 7. Bb5 Bg4 8. h3
Bh5 9. Be2 cxd4 10. Nxd4 Bxe2 11. Ncxe2 Bd6 12. O-O O-O 13. b3 a6 14. Bb2 Ne4
15. Rc1 Rc8 16. Nf4 Qg5 17. Nf3 Qe7 18. Nxd5 Qe6 19. Nf4 Bxf4 20. exf4 Rcd8 21.
Qe1 h6 22. Rd1 a5 23. Nd4 Nxd4 24. Rxd4 f5 25. Rxd8 Rxd8 26. Qxa5 Rd7 27. Re1
Qg6 28. Qa8+ Kh7 29. Qa5 Nd2 30. Re3 Ne4 31. Re1 Nd2 32. Re3 Ne4 33. Kh2 Rd1
34. f3 $4 Qg3# 0-1

[Event "Klubbmesterskapet 2012 (B)"]
[Site "Ås, Akershus NOR"]
[Date "2012.02.16"]
[Round "6"]
[White "Thowsen, Alf Geir"]
[Black "Simonsen, Steinar"]
[Result "1-0"]
[WhiteElo "1151"]
[BlackElo "1414"]
[PlyCount "141"]
[EventDate "2012.01.19"]

1. d4 d5 2. c4 e5 3. dxe5 d4 4. Nf3 ({For all del ikke den kjente(?) fella:} 4.
e3 Bb4+ 5. Bd2 dxe3 6. Bxb4 exf2+ 7. Ke2 fxg1=N+ $1 ({Ikke} 7... fxg1=Q 8.
Qxd8+ Kxd8 9. Rxg1 {med omtrent lik stilling}) 8. Ke1 Qh4+ 9. Kd2 Nc6 10. Qe1
Qd4+ 11. Kc1 Nxb4 {og svart har vinststilling}) 4... Bb4+ 5. Nbd2 Bg4 6. a3
Bxd2+ 7. Bxd2 Nc6 8. Bf4 Nge7 9. b4 Ng6 10. Bg3 Bxf3 11. exf3 Ncxe5 12. Bxe5
Nxe5 13. f4 Ng6 14. Qe2+ Ne7 15. g3 O-O 16. Bg2 Re8 17. O-O c6 18. Qd3 a5 19.
Rad1 axb4 20. axb4 Qb6 21. Qxd4 Qxb4 22. Rb1 Qa4 23. Rxb7 Rad8 24. Rxe7 c5 25.
Rxe8+ Rxe8 26. Qxc5 g6 27. Bc6 Rc8 28. Bxa4 Rxc5 29. Bb5 Kg7 30. Rd1 h6 31. Rd5
Rc7 32. Kg2 Kf6 33. f3 Rc8 34. g4 Ra8 35. Rd2 h5 36. gxh5 gxh5 37. Kg3 Rg8+ 38.
Kf2 Kf5 39. Rd4 h4 40. Bd7+ Kf6 41. c5 Ke7 42. c6 Kd8 43. f5 Kc7 44. Rxh4 Kd8
45. Ra4 Rg5 46. Rd4 Kc7 47. Re4 Rh5 48. h4 Rh8 49. Re7 Rxh4 50. Rxf7 Rh2+ 51.
Kg3 Rc2 52. Kf4 Rc3 53. Kg4 Rc1 54. Be8+ Kd8 55. Bd7 Kc7 56. f4 Rg1+ 57. Kf3
Rf1+ 58. Ke4 Re1+ 59. Kd5 Rd1+ 60. Ke6 Re1+ 61. Kf6 Rf1 62. Kg7 Rxf4 63. Kf8
Rf1 64. Rf6 Re1 65. Re6 Rh1 66. f6 Kd8 67. f7 Rg1 68. Rh6 Rg6 69. Rh7 Rf6 70.
Kg8 Rg6+ 71. Rg7 1-0